000 00866naa a22002657u 4500
001 07438
003 HDC
007 cr bn ---aaaaa
008 010417s2000 at 001 0 eng
040 _aHDC
245 0 _aBLACK PEPPER /
_cedited by P.N. Ravindran
260 _aAustralia :
_bHarwood Academic,
_c2000
300 _a16 pages
336 _atext
_2rdacontent
337 _acomputer
_2rdamedia
338 _aonline resource
_2rdacarrier
500 _aOriginal from book
650 _aBlack pepper (Plant)
_97984
650 _aBlack pepper (Plant)
_xTherapeutic use
_97985
700 _aRavindran, P. N.,
_eeditor
_97986
856 _zRequest full-text at [email protected]
942 _2lcc
942 _cCHAP
942 _kEBCH 000590
999 _c4761
_d4761